| 000 | 01264nam0a22002891 4500 | ||
|---|---|---|---|
| 001 | rc\540193 | ||
| 005 | 20250621123908.0 | ||
| 035 | _a(NLR Aleph) 005777161 | ||
| 090 |
_a5086487 _c5086487 |
||
| 100 | _a20030616d1988 |||y0rusy50 ca | ||
| 101 | 0 | _arus | |
| 102 | _aRU | ||
| 105 | _aa ||||||||| | ||
| 200 | 1 |
_aПисьма туда и обратно _eПовести _fАнатолий Тоболяк _g[Худож. Ю.И. Черпаков] |
|
| 210 |
_aЮжно-Сахалинск _cДальневост. кн. изд-во. Сахалин. отд-ние _d1988 |
||
| 215 |
_a240 с. _cил. _d20 |
||
| 327 | 1 | _aСодерж.: Письма туда и обратно; Попытка контакта; Двое в доме; Папа уехал | |
| 464 | 0 |
_12001#$aПисьма туда и обратно _tПисьма туда и обратно |
|
| 464 | 0 |
_12001#$aПопытка контакта _tПопытка контакта |
|
| 464 | 0 |
_12001#$aДвое в доме _tДвое в доме |
|
| 464 | 0 |
_12001#$aПапа уехал _tПапа уехал |
|
| 700 | 1 |
_aТоболяк _bА.С. _f1936- _gАнатолий Самуилович |
|
| 801 | 0 |
_aRU _bNLR _gpsbo |
|
| 801 | 1 |
_aRU _bELAR _2rusmarc |
|
| 852 |
_aNLR _j88-3/11882 |
||
| 942 | _cBOOK | ||
| 980 | _aNB | ||